| 000 | 00369nam a2200109Ia 4500 | ||
|---|---|---|---|
| 008 | 200302s9999 xx 000 0 und d | ||
| 100 | _aNimish Patel & Others | ||
| 245 | _aStone Buildings of Gujarat SID Research Cell Gujarat Mineral Research and Development Society | ||
| 260 | _bSid Research Cell School Interior design Publishing | ||
| 260 | _c2010 | ||
| 300 | _a338 P., | ||
| 999 |
_c3182 _d3182 |
||